Paesi per immagini #7 - Statistics

Statistiche generali
  • Questo quiz è stato fatto 46 volte
  • Il punteggio medio è 7 su 15
Statistiche sulle risposte
con Immagini Risposta % Corretto
Italia
91%
Norvegia
71%
Spagna
69%
Giappone
66%
Vietnam
66%
Indonesia
60%
Cuba
49%
India
46%
Portogallo
46%
Croazia
43%
Argentina
34%
Messico
31%
Bhutan
23%
Eritrea
9%
Georgia
9%
Nessun quiz corrispondente trovato
Distribuzione punteggi
Percentuale di utenti per punteggio
Percentile per numero di risposta
I tuoi punteggi nel tempo
Non hai fatto questo quiz